000
00298nam a22001337a 4500
008
170608b xxu||||| |||| 00| 0 eng d
020
_a
9780205791309
041
_a
eng
080
_a
32
100
_a
1/8
101
_a
SHP
245
_a
INTERNATIONAL RELATIONS
_c
GOLDSTEIN.J.S
942
_2
udc
_c
BK
999
_c
16538
_d
16538